000 00916nac a22002657a 4500
001 BR7808078
003 BR-BrBNA
005 20240105114352.0
008 230509b bl.|||m| |||| 00| 0 por d
040 _aBR-BrBNA
_bpor
_cBiblioteca Nacional de Agricultura
072 _aE21
090 _aE21 BR7808078
110 1 _aSuperintendencia do Desenvolvimento do Nordeste, Recife, PE (Brasil). Depto. de Industria e Comercio
_910157
245 1 _aProjetos industriais aprovados - 1977
260 3 _aRecife, PE (Brasil):
_c1978.
300 _a11 p.
490 _aProjetos Industriais Aprovados - Superintendencia do Desenvolvimento do Nordeste. Depto. de Industria e Comercio (Brazil)
_v
_x
500 _aNumerical data
650 _aINDUSTRIA
650 _aPRODUCAO
650 _aPROJETO INDUSTRIAL
650 _aRECURSO ECONOMICO
909 _a202312
_bLúcia Elande
_c55
_dLúcia Elande
942 _2AGRIS
_n0
_cMS
999 _c268954
_d268954